Maintenance access to buildings (Record no. 72156)

MARC details
000 -LEADER
fixed length control field 01056cam a2200241 4500
001 - CONTROL NUMBER
control field X121429
008 - FIXED-LENGTH DATA ELEMENTS--GENERAL INFORMATION
fixed length control field 030226n2003 000 0 eng u
035 ## - SYSTEM CONTROL NUMBER
System control number (Sirsi) u121429
100 ## - MAIN ENTRY--PERSONAL NAME
Personal name Grinfeld, M.
245 ## - TITLE STATEMENT
Title Maintenance access to buildings
260 ## - PUBLICATION, DISTRIBUTION, ETC.
Date of publication, distribution, etc. 2003
490 ## - SERIES STATEMENT
Series statement RIBA Journal
Volume/sequential designation 110(02) February 2003, xvii-xix(3)
520 ## - SUMMARY, ETC.
Summary, etc. Module five of an occasional series of CPD features designed to broaden the professional knowledge of practitioners while they work. Gives a concise summary of considerations for the provision of access for maintenance, such as permanent access systems and rope access methods. Suggests further reading references, such as BS 7985: 2002 "Code of practice for the use of rope access methods for industrial purposes".
650 ## - SUBJECT ADDED ENTRY--TOPICAL TERM
Topical term or geographic name entry element CPD
650 ## - SUBJECT ADDED ENTRY--TOPICAL TERM
Topical term or geographic name entry element ACCESS EQUIPMENT
650 ## - SUBJECT ADDED ENTRY--TOPICAL TERM
Topical term or geographic name entry element BS 7985: 2002
650 ## - SUBJECT ADDED ENTRY--TOPICAL TERM
Topical term or geographic name entry element SUSPENDED ACCESS EQUIPMENT
650 ## - SUBJECT ADDED ENTRY--TOPICAL TERM
Topical term or geographic name entry element ABSEILING
650 ## - SUBJECT ADDED ENTRY--TOPICAL TERM
Topical term or geographic name entry element ROPE ACCESS METHODS
690 ## - LOCAL SUBJECT ADDED ENTRY--TOPICAL TERM (OCLC, RLIN)
Topical term or geographic name as entry element BUILDING AND CONSTRUCTION-REPAIRS AND MAINTENANCE
700 ## - ADDED ENTRY--PERSONAL NAME
Personal name Grinfeld, A.
942 ## - ADDED ENTRY ELEMENTS (KOHA)
Suppress in OPAC 0
Holdings
Withdrawn status Lost status Source of classification or shelving scheme Damaged status Not for loan Home library Current library Shelving location Date acquired Total Checkouts Full call number Barcode Date last seen Copy number Price effective from Koha item type
    Dewey Decimal Classification     London London Journal article 26/02/2003   X121429 121429-1001 06/08/2019 1 06/08/2019 Journal article